| 000 | 01200nam a2200229Ia 4500 | ||
|---|---|---|---|
| 001 | L480-25632 | ||
| 003 | IT-CnALBA | ||
| 008 | 170116s9999||||xx |||||||||||||| ||und|| | ||
| 040 |
_aIT-CnALBA _cIT-CnALBA |
||
| 041 | _aGRECO | ||
| 100 | _aBIGNAMI ERNESTO, PROF. | ||
| 245 | 0 | _aESERCIZI GRECI CON ANTOLOGIA PER IL GINNASIO SUPERIORE. | |
| 250 | _a4a ed. | ||
| 260 |
_aMILANO _bBIGNAMI EDIZIONI _c1954 [1° Ed.: n.d.] |
||
| 300 | _a600 p. | ||
| 500 | _aMUTILO DELLE PAGINE 7 8. VOCABOLARIETTO GRECO ITALIANO. ITALIANO GRECO. ELENCO PAROLE GRECHE DERIVATE. DECLINAZIONI VERBI. PARTICOLARITA'. TEMI DI RICAPITOLAZIONE. E VERSIONI. ANTOLOGIA. ANABASI DI SENOFONTE. CIROPEDIA. STORIA ELLENICA. DAI DIALOGHI DI LU | ||
| 501 | _aSocietà San Paolo EM - Piazza San Paolo, 14 - 12051 ALBA (CN) (non commercial uses only) ® Copyright 2017 | ||
| 520 | _aMUTILO DELLE PAGINE 7 8. VOCABOLARIETTO GRECO ITALIANO. ITALIANO GRECO. ELENCO PAROLE GRECHE DERIVATE. DECLINAZIONI VERBI. PARTICOLARITA'. TEMI DI RICAPITOLAZIONE. E VERSIONI. ANTOLOGIA. ANABASI DI SENOFONTE. CIROPEDIA. STORIA ELLENICA. DAI DIALOGHI DI LU | ||
| 650 | _aLINGUE ELLENICHE-GRECO CLASSICO | ||
| 942 | _cBK | ||
| 957 | _71 | ||
| 999 |
_a30419 _bNO _g Copie: 1 _c284745 _d284745 |
||